000 00358 a2200169 4500
001 72604
020 _a850061952X
040 _cAnchieta - Colégio São Paulo
100 _aJosé, Ganymédes
240 1 0 _aSem destino
_lpor
245 1 0 _aSem destino
300 _a103
362 0 _a0
440 1 _aEdiouro
650 4 _aLiteratura juvenil
942 _cBK
999 _c72604
_d72604